Institucionální ekonomie

Guardado en:
Detalles Bibliográficos
Autor principal: Voigt, Stefan
Formato: Libro
Lenguaje:checo
Publicado: Praha Alfa Nakladatelství 2008
Materias:
Etiquetas: Agregar Etiqueta
Sin Etiquetas, Sea el primero en etiquetar este registro!

MARC

LEADER 00000nam a2200000 4500
001 0135323
005 20230220085952.4
020 |a 978-80-87197-13-4 
020 |a 80-86389-53-7 
041 0 |a cze 
044 |a CZ 
245 1 0 |a Institucionální ekonomie  |c Stefan Voigt 
264 1 |a Praha  |b Alfa Nakladatelství  |c 2008 
300 |a 229 s. 
610 2 0 |a veda ekonomická 
610 2 0 |a ekonómia 
610 2 0 |a inštitúcia 
610 2 0 |a rozvoj hospodársky 
610 2 0 |a politika hospodárska 
610 2 0 |a Nový Zéland 
100 1 |a Voigt, Stefan